| 000 | 00595cam a22002291 4500 | ||
|---|---|---|---|
| 001 | sa 64003581 | ||
| 003 | DLC | ||
| 005 | 20260227112018.0 | ||
| 008 | 910819s1963 ii a 000 0 eng | ||
| 010 | _asa 64003581 | ||
| 035 | _a(OCoLC)25442267 | ||
| 040 |
_aDLC _cCaSRU _dDLC |
||
| 042 | _apremarc | ||
| 043 | _aa-ii--- | ||
| 050 | 0 | 0 |
_aHD8686 _b.S5 1963 |
| 100 | 1 |
_aSingh, V. B. _eed. |
|
| 245 | 1 | 0 | _aIndustrial labor in India, |
| 250 | _a[2d ed.] | ||
| 260 |
_aBombay, _aNew York, _bAsia Pub. House _c[1963] |
||
| 300 |
_axx, 664 p. _billus. _c23 cm. |
||
| 650 | 0 |
_aWorking class _zIndia. |
|
| 999 |
_c58008 _d58008 |
||